Central Library OPAC University of Rajshahi

Selected poems by William Blake / (Record no. 19821)

MARC details
000 -LEADER
fixed length control field 01561nam a22002772a 4500
001 - CONTROL NUMBER
control field 19821
003 - CONTROL NUMBER IDENTIFIER
rucl marc code UkOxU
005 - DATE AND TIME OF LATEST TRANSACTION
control field 20211209000501.0
008 - FIXED-LENGTH DATA ELEMENTS--GENERAL INFORMATION
fixed length control field 140225r19511927enk 000 0 eng d
035 ## - SYSTEM CONTROL NUMBER
System control number BD-RjUL)19882
040 ## - CATALOGING SOURCE
Original cataloging agency DLC
Transcribing agency JPL
Modifying agency OCL
-- EQO
-- BD-RjUL
Language of cataloging eng
041 ## - LANGUAGE CODE
Language code of text/sound track or separate title eng
082 04 - DEWEY DECIMAL CLASSIFICATION NUMBER
Classification number 821.7
Author mark and year BLS 1951
100 1# - MAIN ENTRY--PERSONAL NAME
Personal name Blake, William,
Dates associated with a name 1757-1827.
9 (RLIN) 60879
245 00 - TITLE STATEMENT
Title Selected poems by William Blake /
Statement of responsibility, etc. with an introduction by Basil De Selincourt
260 ## - PUBLICATION, DISTRIBUTION, ETC. (IMPRINT)
Place of publication, distribution, etc. London :
Name of publisher, distributor, etc. Oxford University Press, H. Milford,
Date of publication, distribution, etc. 1927 [Reprinted 1951]
300 ## - PHYSICAL DESCRIPTION
Pagination xxvi, 309p. ;
Size 16 cm
490 1# - SERIES STATEMENT
Series statement World's classics,
Volume/sequential designation 324
505 0# - FORMATTED CONTENTS NOTE
Formatted contents note Poems from Poetical sketches.--From an island in the moon.--Songs of innocence and of experience.--Appendix to The songs of innocence and of experience; A divine image.--Poems from the Rossetti ms.--Poems from the Pickering ms.--Poems from letters.--Gnomic verses.--On art and artists.--On friends and foes.--Miscellaneous epigrams.--The book of Thel.--The marriage of Heaven and Hell.--From The French revolution.--From The visions of the daughters of Albion.--From the four Zona.--From Milton.--From Jeruaslem.--Verses from The gates of paradise.--The ghost of Abel.--Appendix to The prophetic books.--From Blake's descriptive catalogue.--Extracts from letters.--Index of first lines
650 #0 - SUBJECT ADDED ENTRY--TOPICAL TERM
Topical term or geographic name as entry element English poetry -- 18th century.
9 (RLIN) 60880
700 1# - ADDED ENTRY--PERSONAL NAME
Personal name De Selincourt, Basil,
Dates associated with a name 1876-
830 #0 - SERIES ADDED ENTRY--UNIFORM TITLE
Volume number/sequential designation 324
830 #0 - SERIES ADDED ENTRY--UNIFORM TITLE
Uniform title World's classics,
942 ## - ADDED ENTRY ELEMENTS (KOHA)
Source of classification or shelving scheme Dewey Decimal Classification
Koha item type Books
Holdings
Lost status Source of classification or shelving scheme Damaged status Not for loan Collection code Permanent Location Current Location Shelving location Date acquired Source of acquisition Cost, normal purchase price Total Checkouts Full call number Date last seen Copy number Koha item type
  Dewey Decimal Classification     Fiction Central Library, University of Rajshahi Central Library, University of Rajshahi   25/10/1954 Oxford university Press 2.13   821.7 BLS 1951 25/02/2014 C-3 Books